000
00225 a2200097 4500
001
26054
100
_a
Lippman
245
_a
Extremum and variational principles in mechanics
260
_a
_b
Springer
_c
090
_c
17617
_d
17617
942
_a
NUST-CAE
_c
M
_c
8466
999
_c
261127
_d
261127